000 00485nam a22001817a 4500
001 TVUNI
005 20260126014634.0
008 221102s2008 vm vie d
020 _c48000
040 _aTVUNI
_eAACR2
041 0 _avie
100 1 _aBạch, Đức Hiển
245 1 0 _agiáo trình thị trường chứng khoán /
_cBạch Đức Hiển
260 _aHà Nội :
_bTài Chính,
_c2008
300 _a294 tr. ;
_c24 cm.
942 _2ddc
_cBK
999 _c2072
_d2072
912 _a1
_bHiển Phạm